| 000 | 01251nam0a2200289 4500 | ||
|---|---|---|---|
| 001 | RU\NLR\BIBL_A\011768566 | ||
| 005 | 20250128194045.0 | ||
| 010 |
_a978-5-298-03411-1 _92000 |
||
| 021 |
_aRU _bКН-П-18-039479 _9КН-П-18-2845 |
||
| 035 | _a(NLR Aleph) 011768566 | ||
| 090 |
_a13418099 _c13418099 |
||
| 100 | _a20180814d2017 k y0rusy50 ca | ||
| 101 | 0 | _atat | |
| 102 | _aRU | ||
| 105 | _ac z 000 y | ||
| 200 | 1 |
_aАлтын капка _e[Ульяновск өлкәсе Чынлы р-ны Кәшә авылы тарихы] _eдок.-публицист. язмалар _fРәшит Ибраһимов |
|
| 210 |
_aКазан _cТатар. кит. нәшр. _d2017 |
||
| 215 |
_a221,[2] б. _cпортр., фот. _d21 |
||
| 541 | 1 |
_6z01790 _aЗолотые врата _e[история с. Елховое Озеро Цильнин. р-на Ульянов. обл.: док. публицистика]. _zrus |
|
| 686 | 1 | _aШ6(2=Тат)7-49 | |
| 686 | 1 | _aТ3(2Р-4Ул)-9 | |
| 700 | 1 |
_aИбраһимов _bР. Г. _gРәшит Габдрахман улы _4070 |
|
| 790 | 1 |
_6z01541 _aИбрагимов _bР. Г. _gРашит Габдрахманович _4070 |
|
| 852 |
_aNLR _bОНЛ _jТатар./3-15124 |
||
| 942 | _cBOOK | ||
| 980 | _aNB | ||